Sports Quiz

Random Sports or Football Quiz

Most matches together with John Terry Quiz Stats

 Plays Quiz not verified by Sporcle

Score 0/25 Timer 04:00
6 Plays Today
Matches Name % Correct
576Frank Lampard
98.4%
390Petr Cech
95.5%
320Didier Drogba
95.4%
311Ashley Cole
92.4%
271Joe Cole
92.2%
158Ricardo Carvalho
70.9%
134Gary Cahill
69.7%
149Eden Hazard
67.4%
206Michael Essien
66%
179Florent Malouda
59.5%
131Michael Ballack
59.3%
185Claude Makélélé
59.1%
271Branislav Ivanovic
57.5%
Matches Name % Correct
158Nicolas Anelka
52.7%
266John Obi Mikel
52.1%
169Paulo Ferreira
51.7%
192Salomon Kalou
51.6%
121Willian
47.9%
129César Azpilicueta
46.7%
156Carlo Cudicini
38.9%
133Oscar
38.1%
205Eiður Guðjohnsen
37.1%
183Ramires
35.8%
121Wayne Bridge
34.2%
182William Gallas
31.2%

You're not logged in!

Compare scores with friends on all Sporcle quizzes.
OR
Log In

Sporcle TV

Today on Sporcle TV


Watch our educational content, quiz creation guides, and fun videos on Sporcle TV.

Show Comments

Extras

Top Quizzes Today


Score Distribution

Your Account Isn't Verified!

In order to create a playlist on Sporcle, you need to verify the email address you used during registration. Go to your Sporcle Settings to finish the process.

Report this User

Report this user for behavior that violates our Community Guidelines.

Details: